000 00422nam a2200169Ia 4500
008 090711s9999 xx 000 0 und d
082 _b19780
100 _aशेळके उद्धव ज.
245 _aआग
260 _c1971
300 _a102
600 _aशेळके उद्धव ज.
630 _aआग
700 _aशेळके उद्धव ज.
730 _aआग
942 _cBOOK
999 _c298237
_d298237